000 00286nam a22001337a 4500
008 170817b xxu||||| |||| 00| 0 eng d
020 _a9781934800003
041 _aeng
080 _a51
100 _a36
101 _aMAT
245 _aBRIDGE TO ALGEBRA
_cHADLEY,W.S
942 _2udc
_cBK
999 _c24021
_d24021